000 00585nam a2200229Ia 4500
003 OSt
005 20220924133926.0
006 a|||||r|||| 00| 0
007 ta
008 220923b |||||||| |||| 00| 0 snd d
024 _a271148
037 _cTextual
040 _aARTS
_cARTS
_bsnd
041 _2snd
_asnd
082 _a/\2y7M63w, 1593K5
110 _aRam Krishan Asaram
_9207689
245 0 _aSwami Vivekanand ki jeewani
260 _c1965
700 _aRam Krishan Asaram
_9207690
942 _h/\2y7M63w, 1593K5
_cTEXL
_2CC
999 _c435770
_d435770